| 000 | 00724nam a2200217 i 4500 | ||
|---|---|---|---|
| 001 | 159486 | ||
| 003 | ES-MaACL | ||
| 005 | 20250812031812.0 | ||
| 008 | 990104s1891 fr |||| | fre d | ||
| 040 |
_aCCPB | B _bspa _cCCPB | B |
||
| 100 | 1 |
_aMérimée, Prosper ( _d1803-1870) _980507 |
|
| 245 | 1 | 0 |
_aÉtudes sur les arts au moyen age / _cpar Prosper Mérimée. |
| 250 | _aNouvelle éd. | ||
| 260 |
_aParis : _bCalmann-Lévy, _c1891 ( _fÉmile Colin, Imprimerie de Lagny) |
||
| 300 |
_a377 p. ; _c19 cm. |
||
| 490 | 1 | _aBibliothèque contemporaine | |
| 650 | 7 |
_aArte medieval _2embne _9135618 |
|
| 830 | 0 |
_aBibliothèque contemporaine _9181673 |
|
| 852 |
_aES-MaACL _jB-3203 _z-- Enc. hol. |
||
| 999 |
_c159486 _d159486 |
||